Rom Harré: Emócie a pamäť: Druhá kognitívna revolúcia

Bibliographic Details
Main Author: Harré, Rom (Author)
Other Authors: Konrád, Robert (Translator)
Format: Article
Language:Slovak
PhysicalDescription:Lit. 17 zázn. v angl.
ISSN:0046-385X
Subjects:

MARC

LEADER 00000nab a2200000 a 4500
001 vtls000584486
003 SK-MaSNL
005 20260304102153.0
008 250426c1995 xo 0 slo
015 |a SNBRB19rr/mm-uuuuu 
035 |a CL0584625 
035 |a urn:nbn:sk:snk-abf3v 
035 |a (urnnbn)urn:nbn:sk:snk:ar-a03u2e 
035 |a (uuid)bb0c8f42-d257-43f5-addd-77e01f8c6a36 
040 |a SNKBUCL  |b slo  |c SNKBUCL  |e AACR2 
041 0 |a slo 
044 |a xo  |c SK 
080 |a 159.9  |2 1981 
100 1 |a Harré, Rom  |4 aut  |9 735040 
245 1 0 |a Rom Harré: Emócie a pamäť: Druhá kognitívna revolúcia  |c Rom Harré ; Prekl. Robert Konrád 
300 |b Lit. 17 zázn. v angl. 
650 0 7 |a psychológia vedecká  |2 snkbucl  |9 1398680 
650 0 7 |a revolúcia kognitívna  |2 snkbucl  |9 1398681 
650 0 7 |a psychológia diskurzívna  |2 snkbucl  |9 1398682 
650 0 7 |a jazyk  |2 snkbucl  |9 22980 
650 0 7 |a myseľ individuálna  |2 snkbucl  |9 1398683 
650 0 7 |a obrat diskurzívny  |2 snkbucl  |9 1398684 
655 7 |a články z novín a časopisov  |2 snkbucl  |9 267496 
700 1 |a Konrád, Robert  |4 trl  |9 900178 
773 0 |t Filozofia  |g Roč. 50, č. 4 (1995), s. 222-235  |x 0046-385X 
850 |a Slovenská národná knižnica 
852 |a Slovenská národná knižnica 
954 |a odborná, vedecká literatúra pôvodná (slovenská)  |2 lita 
958 |a article27 
958 |a OND 
958 |a NB 
958 |a RK 
958 |a EUIPO 
992 |a RBX 
999 |c 2844277  |d 2846207